Squadre colpite da Calciopoli - Statistics

Statistiche generali
  • Questo quiz è stato fatto 249 volte
  • Il punteggio medio è 4 su 6
Statistiche sulle risposte
Condanna Squadra % Corretto
Revoca del titolo di Campione d'Italia 2004-2005; non assegnazione del titolo di Campione d'Italia 2005-2006; retrocessione all'ultimo posto nella Serie A 2005-2006; 9 punti di penalizzazione nella Serie B 2006-2007 Juventus
100%
30 punti di penalizzazione nella Serie A 2005-2006; 8 punti di penalizzazione nella Serie A 2006-2007 Milan
95%
30 punti di penalizzazione nella Serie A 2005-2006; 3 punti di penalizzazione nella Serie A 2006-2007 Lazio
82%
30 punti di penalizzazione nella Serie A 2005-2006; 5 punti di penalizzazione nella Serie A 2006-2007 Fiorentina
73%
11 punti di penalizzazione nella Serie A 2006-2007; 100 000 euro di ammenda Reggina
22%
6 punti di penalizzazione nella Serie B 2006-2007 Arezzo
5%
Nessun quiz corrispondente trovato
Distribuzione punteggi
Percentuale di utenti per punteggio
Percentile per numero di risposta
I tuoi punteggi nel tempo
Non hai fatto questo quiz